Možnosti diagnostiky daňových únikov na DPH v podniku
Tieňová ekonomika a daňové úniky ako tesne prepojené javy. Vývoj sadzieb dane z pridanej hodnoty v SR od roku 1993. Odhad daňovej straty z DPH – vplyv šedej ekonomiky. Akčný plán boja proti daňovým podvodom na roky 2012 až 2016. Daňové úniky na DPH. Fiktívne fakturácie dodania tovaru do iného člensk...
Salvato in:
| Autore principale: | |
|---|---|
| Natura: | Capitolo di libro |
| Lingua: | slovacco |
| Soggetti: | |
| Tags: |
Nessun Tag, puoi essere il primo ad aggiungerne!!
|
MARC
| LEADER | 00000nla a2200000 4500 | ||
|---|---|---|---|
| 001 | 0226667 | ||
| 005 | 20240523121157.3 | ||
| 041 | 0 | |a slo | |
| 044 | |a SK | ||
| 245 | 1 | 0 | |a Možnosti diagnostiky daňových únikov na DPH v podniku |c Daniela Rybárová |
| 520 | |a Tieňová ekonomika a daňové úniky ako tesne prepojené javy. Vývoj sadzieb dane z pridanej hodnoty v SR od roku 1993. Odhad daňovej straty z DPH – vplyv šedej ekonomiky. Akčný plán boja proti daňovým podvodom na roky 2012 až 2016. Daňové úniky na DPH. Fiktívne fakturácie dodania tovaru do iného členského štátu a vývozu. Daňové úniky z trestnej činnosti súvisiacej s DPH pri dovoze a vývoze tovaru z tretích krajín. Indikátory daňových únikov na DPH na podnikovohospodárskej úrovni. | ||
| 610 | 2 | 0 | |a dane z hodnoty pridanej |
| 610 | 2 | 0 | |a únik daňový |
| 610 | 2 | 0 | |a ekonomika tieňová |
| 610 | 2 | 0 | |a podnik |
| 100 | 1 | |a Rybárová, Daniela, 1967- | |